000 01641nam a22004337a 4500
003 CHAP
005 20220329143426.0
008 090624s2009 mx r 00010 spa d
010 _a96422
011 _a97394
035 _a108061
040 _cCHAP
090 _aTesis
100 1 _aMontiel Castelán, Ma. Isabel.
_977943
245 1 0 _aSemen ovino sexado y congelado utilizando la técnica de columnas de albúmia
_c/por Ma. Isabel Montiel Castelán
260 _aChapingo, Méx. :
_bEl autor,
_c2009
300 _aiv, 27 h. :
_bcuadros, gráfs.
502 _aTesis (Ing. Agr. Esp. en Zootecnia) -- UACH. Departamento de Zootecnia
530 _aTambién disponible en línea
590 _aALEPH
_b10
_c20130110
_lUCH01
_h1529
590 _aBATCH-UPD
_b10
_c20130110
_lUCH01
_h0356
590 _aBATCH-UPD
_b10
_c20130110
_lUCH01
_h1903
590 _aBATCH-UPD
_b10
_c20130410
_lUCH01
_h0029
590 _aBATCH-UPD
_b10
_c20130913
_lUCH01
_h2352
590 _aBATCH-UPD
_b10
_c20140324
_lUCH01
_h1512
590 _aBATCH-UPD
_b10
_c20141002
_lUCH01
_h0839
590 _aCONVERSION
_b10
_c20130109
_lUCH01
_h1353
650 1 4 _aAlbúmina.
_93513
650 1 4 _aGanado lanar
_xFecundidad.
_945181
650 1 4 _aGanado Suffolk.
_945424
650 1 4 _aInseminación artificial.
_958964
650 1 4 _aSemen
_xCongelación.
_9103857
650 1 4 _aSemen
_xGanado lanar.
_9103863
856 _3Finding aid
_uhttp://10.13.5.2/tesis/108061.pdf
_zTeclea aqui
901 _aBK
942 _cFOLL
949 _aTesis
_bBC
_cTES
_d33724002099207
_eTS1
_gDonaciØn
_h49330
_i108061
_sb
949 _aTesis
_bBC
_cTES
_d33724002099248
_eTS2
_fc.2
_gDonaciØn
_h49331
_i108061
_sb
999 _c96422
_d96422